Analýza marketingového mixu hotela bakalárska práca

Uložené v:
Podrobná bibliografia
Hlavný autor: Šulková, Zuzana
Korporativný autor: Obchodná fakulta EU. Katedra marketingu
Ďalší autori: Loydlová, Miroslava
Médium: Kniha
Jazyk:Slovak
Vydavateľské údaje: Bratislava 2011
Tagy: Pridať tag
Žiadne tagy, Buďte prvý, kto otaguje tento záznam!

MARC

LEADER 00000nbm a2200000 4500
001 0150938
005 20120523130913.6
041 0 |a slo 
044 |a SK 
245 1 0 |a Analýza marketingového mixu hotela  |b bakalárska práca  |c Zuzana Šulková ; školiteľ: Miroslava Loydlová 
264 1 |a Bratislava  |c 2011 
300 |a 47 s. 
100 1 |a Šulková, Zuzana 
700 1 |a Loydlová, Miroslava 
710 2 |a Obchodná fakulta EU. Katedra marketingu